00703nam a2200133Ia 4500008004100000020001800041100002300059245011100082260003400193440002900227650001200256650025700268856004400525171212s9999 xx 000 0 und d a9781557536471 aTompkins, David G. cTompkins, David G.aComposing the Party LinebMusic and Politics in Early Cold War Poland and East Germany bPurdue University Pressc2013 aCentral European Studies aHistory aMusic -- Political aspects -- Poland -- History -- 20th century; Music -- Political aspects -- Germany (East) -- History -- 20th century; Music and state -- Poland -- History -- 20th century; Music and state -- Germany (East) -- History -- 20th century uhttp://www.jstor.org/stable/j.ctt6wq3gn